PENGURUSAN bijak alam sekitar

Bibliographic Details
Corporate Author: Institut Kefahaman Islam Malaysia (IKIM)
Other Authors: Abu Bakar Abdul Majeed, Abu Bakar Yang
Format: Book
Published: Kuala Lumpur : Institut Kefahaman Islam Malaysia , 2000
Subjects:

MARC

LEADER 00000cam a2200000 7i4500
001 0000002877
005 20040205.0
020 0 0 |a 9839099620 
090 0 0 |a 333.7   |b PEN 2000 
245 0 0 |a PENGURUSAN bijak alam sekitar   |c penyunting Abu Bakar Abdul Majeed, Abu Bakar Yang 
260 0 0 |a Kuala Lumpur :   |b Institut Kefahaman Islam Malaysia ,   |c 2000 
300 |a xix, 251 p. ;   |c 21 cm. 
500 0 0 |a Includes bibliography : p. 247 and index 
650 0 0 |a Environment 
700 0 1 |a Abu Bakar Abdul Majeed 
700 0 1 |a Abu Bakar Yang 
710 1 1 |a Institut Kefahaman Islam Malaysia (IKIM) 
998 |a JPSM 
999 |a 0000005162   |b Monograph   |c Open Shelf   |e Default branch